[Event "AUTO-ELITE-2612"]
[Site "http://www.queenalice.com/game.php?id=1870060"]
[Date "2026.3.3"]
[Round "1"]
[White "Cerberus"]
[Black "Sexxy_Bunny"]
[Result "1/2-1/2"]
[WhiteElo "2708"]
[BlackElo "2671"]

1. d4 Nf6 2. c4 e6 3. Nf3 d5 4. Nc3 c6 5. e3 Nbd7 6. Qc2 Bd6 7. Be2 O-O 8. O-O
dxc4 9. Bxc4 b5 10. Bd3 Bb7 11. e4 e5 12. dxe5 Nxe5 13. Nxe5 Bxe5 14. h3 a6 15.
Be3 Re8 16. a4 Bd4 17. Rfe1 h6 18. Rac1 Qd6 19. Bxd4 Qxd4 20. Ne2 Qb4 21. Ng3
Rad8 22. b3 Nd7 23. Red1 Nf8 24. Nf5 Ne6 25. e5 Nd4 26. Nxd4 Rxd4 27. Re1 bxa4
28. Bc4 axb3 29. Bxb3 Bc8 30. Qxc6 Bd7 31. Qf3 Rf4 32. Qe3 Bf5 33. Bd5 Rd4 34.
Red1 Rxd1+ 35. Rxd1 Qe7 36. Qb6 Qxe5 37. Qxa6 Qe2 38. Qa1 g6 39. Qd4 g5 40. Rd2
Qe5 41. g4 Bc8 42. Kg2 Qxd4 43. Rxd4 Kg7 44. Rc4 Be6 45. Bxe6 Rxe6 46. h4 Re1
47. h5 Re6 48. Kg3 Ra6 49. Rd4 Ra2 50. Rd5 Rb2 51. Rf5 Rb3+ 52. f3 Rb2 53. Rd5
Ra2 54. Rd6 Ra3 55. Rc6 Ra5 56. Rb6 Ra2 57. Rd6 Ra7 58. Rd5 Ra2 59. Rc5 Ra6 60.
Rf5 Ra2 61. Kh3 f6 62. Rb5 Ra7 63. Kg3 Re7 64. Kf2 Ra7 65. Kg2 Ra2+ 66. Kg3 Kf8
67. Rb6 Kg7 68. Rb7+ Kg8 69. Kh3 Re2 70. Kg3 Kf8 71. Ra7 Rb2 72. Ra6 Kg7 73.
Ra7+ Kg8 74. Ra5 Rb4 75. Kf2 Kg7 76. Rf5 Rf4 77. Ke3 Ra4 78. Rc5 Ra3+ 79. Ke4
Ra7 80. Kf5 Kf7 81. Rd5 Rc7 82. Ra5 Rb7 83. Rc5 Ra7 84. Rb5 Kg7 85. Ke4 Ra4+ 86.
Ke3 Rf4 87. Rf5 Ra4 88. Kd3 Ra7 89. Kd4 Rd7+ 90. Rd5 Rxd5+ 91. Kxd5 Kf7 92. Kd6
f5 93. Ke5 fxg4 94. fxg4 Ke7 95. Kf5 Kf7 96. Ke5 Ke7 97. Kf5 Kf7 98. Ke5 1/2-1/2

[Event "AUTO-OPEN-4610"]
[Site "http://www.queenalice.com/game.php?id=1871196"]
[Date "2026.3.29"]
[Round "2"]
[White "cerenzo72"]
[Black "Cerberus"]
[Result "0-1"]
[WhiteElo "2200"]
[BlackElo "2711"]

1. c4 Nf6 2. d4 g6 3. Nf3 Bg7 4. Nc3 d6 5. Bg5 h6 6. Bh4 c5 7. d5 Bf5 8. Nd2 Qb6
9. Rb1 Bxb1 10. Qxb1 g5 11. Bg3 Nbd7 12. e4 Nh5 13. Be2 Nxg3 14. fxg3 Ne5 15.
O-O h5 16. Qc2 g4 17. h3 O-O-O 18. Na4 Qc7 19. a3 h4 20. gxh4 Rxh4 21. Rf4 Kb8
22. Bxg4 Nxg4 23. hxg4 Qd7 24. Nf3 Rxg4 25. Rxg4 Qxg4 26. b4 f5 27. exf5 Bd4+
28. Nxd4 Qxd4+ 29. Qf2 Qd1+ 0-1

[Event "AUTO-OPEN-4605"]
[Site "http://www.queenalice.com/game.php?id=1873830"]
[Date "2026.5.22"]
[Round "2"]
[White "WoodpusherKid"]
[Black "Cerberus"]
[Result "1/2-1/2"]
[WhiteElo "2708"]
[BlackElo "2710"]

1. c4 e5 2. Nc3 Nf6 3. Nf3 Nc6 4. e4 Bb4 5. d3 d6 6. a3 Bc5 7. b4 Bb6 8. Na4 Bd4
9. Nxd4 Nxd4 10. Be2 Be6 11. Be3 b5 12. Nc3 c6 13. O-O O-O 14. Rc1 Qb6 15. cxb5
cxb5 16. Qd2 a5 17. Bd1 Rfc8 18. h3 axb4 19. axb4 Rc6 20. f4 Rac8 21. Kh2 h6 22.
Ne2 Rxc1 23. Nxc1 exf4 24. Rxf4 Qc7 25. Rxf6 gxf6 26. Qf2 Nc6 27. Ne2 d5+ 28.
Bf4 Qe7 29. Bxh6 Ne5 30. Ng3 Nxd3 31. Qf1 Ne5 32. Nh5 dxe4 33. Nxf6+ Kh8 34. Bg5
Qd6 35. Kh1 Qd3 36. Be2 Qd4 37. Nh5 Nd7 38. Qf4 Rc2 39. Bf6+ Nxf6 40. Nxf6 Qd2
41. Qg3 Rc8 42. Kh2 Bc4 43. Bxc4 bxc4 44. Nxe4 Qd8 45. Nd6 Qc7 46. b5 Rf8 47.
Qh4+ Kg8 48. Qg5+ Kh7 49. Qf5+ Kg7 50. Qg5+ Kh7 51. Qf5+ Kg7 52. Qf4 Kh7 53.
Qf5+ Kg7 1/2-1/2